000
00314 a2200109 4500
001
ART_12861
005
20260410161734.0
008
260409a
245
1
0
_a
El síndrome del tesorero
100
1
_a
Blanco, Eduardo H.
773
0
_t
Ejecutivos de finanzas
_g
- Año 7, Nº 53 (mar. 1989)
_w
REV2863
999
_c
18090
_d
18090